Southville International School and Colleges
Your cart is empty.
  • Cart
  • Lists
    Public lists Eva Luna New books Lux_list list_1
    Your lists Log in to create your own lists
  • Log in to your account
  • Your cookies
  • Search history
Southville International School and Colleges
  • Advanced search
  • Recent comments
  • Most popular
  • Libraries

Log in to your account

Log in with GOOGLE


If you do not have an external account, but do have a local account, you can still log in:

  1. Home
  2. MARC view: Anthology of world literature for college
Normal view MARC view ISBD view

Anthology of world literature for college (Record no. 284809)

[ view plain ]
MARC details
000 -LEADER
fixed length control field 00620nam a2200205 a 4500
001 - CONTROL NUMBER
control field HUB033841
003 - CONTROL NUMBER IDENTIFIER
control field PILC
005 - DATE AND TIME OF LATEST TRANSACTION
control field 20160128110335.0
008 - FIXED-LENGTH DATA ELEMENTS--GENERAL INFORMATION
fixed length control field 150609b xxu||||| |||| 00| 0 eng d
020 ## - INTERNATIONAL STANDARD BOOK NUMBER
International Standard Book Number 9789712724268
050 ## - LIBRARY OF CONGRESS CALL NUMBER
Classification number PN6019
Item number .Si64 2011
100 ## - MAIN ENTRY--PERSONAL NAME
Personal name Singh, Rosario Nem.
245 #0 - TITLE STATEMENT
Title Anthology of world literature for college
Statement of responsibility, etc Rosario P. Nem Singh.
260 ## - PUBLICATION, DISTRIBUTION, ETC. (IMPRINT)
Place of publication, distribution, etc Pasig City :
Name of publisher, distributor, etc Anvil Publishing Inc.,
Date of publication, distribution, etc 2011.
300 ## - PHYSICAL DESCRIPTION
Extent vii, 258 p. :
Other physical details ill. ;
Dimensions 25 cm.
500 ## - GENERAL NOTE
General note Includes bibliogfraphical references.
650 ## - SUBJECT ADDED ENTRY--TOPICAL TERM
Topical term or geographic name as entry element Anthologies.
650 ## - SUBJECT ADDED ENTRY--TOPICAL TERM
Topical term or geographic name as entry element Literature
General subdivision Collections.
942 ## - ADDED ENTRY ELEMENTS (KOHA)
Source of classification or shelving scheme Library of Congress Classification
Koha item type Books
Holdings
Withdrawn status Lost status Source of classification or shelving scheme Damaged status Home library Current library Shelving location Date acquired Source of acquisition Total Checkouts Full call number Barcode Date last seen Price effective from Koha item type
    Library of Congress Classification   Luxembourg Library Luxembourg Library Teachers Reference Section 06/09/2015 Library Fund   PN 6019 .Si64 2011 19986 10/09/2015 06/09/2015 Books

Anthology of world literature for college

APA

Singh R. N., . (2011). Anthology of world literature for college. Pasig City: Anvil Publishing Inc.

Chicago

Singh Rosario Nem, . 2011. Anthology of world literature for college. Pasig City: Anvil Publishing Inc.

Harvard

Singh R. N., . (2011). Anthology of world literature for college. Pasig City: Anvil Publishing Inc.

MLA

Singh Rosario Nem, . Anthology of world literature for college. Pasig City: Anvil Publishing Inc. 2011.

  • Place hold
  • Print
  • Cite
  • Add to your cart (remove)
  • Save record
    BIBTEX Dublin Core MARCXML MARC (non-Unicode/MARC-8) MARC (Unicode/UTF-8) MARC (Unicode/UTF-8, Standard) MODS (XML) RIS
  • More searches
    Search for this title in:
    Other Libraries (WorldCat) Other Databases (Google Scholar) Online Stores (Bookfinder.com) Open Library (openlibrary.org)

Exporting to Dublin Core...

SOUTHVILLE LIBRARY

Southville International School and Colleges Library

1281 Tropical Ave. Cor. Luxembourg St., BF Homes International, Las Pinas City

Tel. No. 8256374 / 252358 Loc. 117/146

Powered by Koha